| 000 | 01387cam a2200325 i 4500 | ||
|---|---|---|---|
| 001 | 24665 | ||
| 003 | Mx-PuUPA | ||
| 005 | 20241122104158.0 | ||
| 008 | 140415s2006 mx a gr 000 0 spa d | ||
| 020 | _a9697019303 | ||
| 040 |
_aMx-PuUPA _bspa _cMx-PuUPA _dMx-PuUPA _erda |
||
| 041 | 0 | _aspa | |
| 100 | 1 |
_aYurrieta Valdés, José, _d1926-2014 _916483 _eautor |
|
| 245 | 1 | 3 |
_aEl ingenioso Hidalgo don Quijote de la Mancha : _b10605-2005 / _cJosé Yurrieta Valdés ; presentación, Ángel Luz Lugo Nava ; proemio, Agustín S. Avilés Morales |
| 250 | _aPrimera edición | ||
| 264 | 1 |
_aMéxico : _bH. Ayuntamiento Constitucional de Tenancingo, _c2006 |
|
| 300 |
_a155 páginas : _bilustraciones ; _c22 cm |
||
| 336 |
_2rdacontent _atexto _btxt |
||
| 337 |
_2rdamedia _asin medio _bn |
||
| 338 |
_2rdacarrier _avolumen _bnc |
||
| 500 | _a"Homenaje a la obra cumbre de las letras castellanas Conmemoración del IV Centenario de la edición (en su primera parte)" -- Portada y cubierta. | ||
| 600 | 1 | 4 |
_aCervantes Saavedra, Miguel, _d1547-1616 |
| 655 | 7 |
_2armarc _aNovela española _xHistoria y crítica |
|
| 700 | 1 |
_aLugo Nava, Ángel Luz, _epresentación |
|
| 700 | 1 |
_aAvilés Morales, Agustín S., _eprologuista |
|
| 942 |
_2ddc _cLI _h863 _iC45 |
||
| 999 |
_c24665 _d24665 |
||